[Event "Titled Tuesday intern op 13th Feb Early"]
[Site "Chess.com INT"]
[Date "2024.02.13"]
[Round "1"]
[White "Veljanoski, Andrej"]
[Black "Al Blooshi, Hamad Essa"]
[Result "1-0"]
[WhiteElo "2290"]
[BlackElo "2067"]
[PlyCount "47"]
[EventDate "2024.02.13"]
[EventType "swiss (blitz)"]
[EventRounds "11"]
[EventCountry "USA"]
[SourceTitle "CB08_2024"]
[SourceDate "2024.02.21"]
[SourceVersion "1"]
[SourceVersionDate "2024.02.21"]
[SourceQuality "1"]

1. Nf3 Nf6 2. b3 c5 3. Bb2 Nc6 4. c4 b6 5. g3 Bb7 6. Bg2 g6 7. 0-0 Bg7 8. Nc3 0-0 9. e3 d6 10. d4 cxd4 11. exd4 e6 12. Qd2 Rc8 13. Rfe1 a6 14. d5 exd5 15. Nxd5 Nxd5 16. Bxg7 Kxg7 17. Qxd5 Qf6 18. Rad1 Rfd8 19. Ng5 Ba8 20. Ne4 Qb2 21. Nxd6 Qxa2 22. Qxf7+ Kh8 23. Qf6+ Kg8 24. Bd5# 1-0

[Event "Titled Tuesday intern op 24th Oct Late"]
[Site "Chess.com INT"]
[Date "2023.10.24"]
[Round "2"]
[White "Evdokimov, Alexey2"]
[Black "Veljanoski, Andrej"]
[Result "0-1"]
[WhiteElo "2227"]
[BlackElo "2261"]
[PlyCount "86"]
[EventDate "2023.10.24"]
[EventType "swiss (blitz)"]
[EventRounds "11"]
[EventCountry "USA"]
[SourceTitle "Mega2024 Update 01"]
[Source "Chessbase"]
[SourceDate "2023.11.12"]
[SourceVersion "1"]
[SourceVersionDate "2023.11.12"]
[SourceQuality "1"]

1. Nf3 b6 2. c4 Bb7 3. e3 g6 4. Nc3 Bg7 5. b3 Nf6 6. Bb2 0-0 7. d4 d5 8. Be2 c5 9. dxc5 bxc5 10. 0-0 dxc4 11. Bxc4 Nc6 12. Qe2 Qc7 13. Nd1 Rad8 14. Nc3 Ng4 15. h3 Nge5 16. Nb5 Qb8 17. Nxe5 Nxe5 18. Bxe5 Bxe5 19. Rad1 a6 20. Na3 Qc7 21. f4 Bf6 22. Nc2 Qc6 23. Ne1 Rxd1 24. Qxd1 Qe4 25. Qd3 Qc6 26. Nf3 e6 27. Rd1 Rd8 28. Qe2 Rxd1+ 29. Qxd1 Qe4 30. Qd3 Qc6 31. a4 a5 32. Bb5 Qb6 33. Nd2 Kg7 34. Nc4 Qc7 35. g4 Ba8 36. g5 Be7 37. Qc3+ f6 38. gxf6+ Bxf6 39. Qxa5 Qb7 40. Kf2 Qg2+ 41. Ke1 Bf3 42. Qc7+ Kh6 43. Nd2 Bh4# 0-1

[Event "Titled Tuesday intern op 24th Oct Late"]
[Site "Chess.com INT"]
[Date "2023.10.24"]
[Round "3"]
[White "Nasir, Zehn"]
[Black "Veljanoski, Andrej"]
[Result "1-0"]
[WhiteElo "2057"]
[BlackElo "2261"]
[PlyCount "117"]
[EventDate "2023.10.24"]
[EventType "swiss (blitz)"]
[EventRounds "11"]
[EventCountry "USA"]
[SourceTitle "Mega2024 Update 01"]
[Source "Chessbase"]
[SourceDate "2023.11.12"]
[SourceVersion "1"]
[SourceVersionDate "2023.11.12"]
[SourceQuality "1"]

1. d4 b6 2. Bf4 Bb7 3. Nc3 Nf6 4. Nf3 g6 5. Qd2 h6 6. h4 d6 7. e3 Nbd7 8. 0-0-0 Bg7 9. Bc4 e6 10. Bb3 Qe7 11. Kb1 0-0-0 12. Rhe1 Kb8 13. e4 e5 14. Bg3 exd4 15. Nxd4 Rhe8 16. f3 Nh5 17. Bf2 Be5 18. Nd5 Qf8 19. Ba4 Bxd4 20. Qxd4 Qg7 21. Qxg7 Nxg7 22. Bxd7 Rxd7 23. Nf6 Rde7 24. Nxe8 Rxe8 25. Be3 h5 26. c4 Kc8 27. b3 Ne6 28. Kb2 a5 29. Kc3 Bc6 30. a3 Kb7 31. b4 axb4+ 32. axb4 Rg8 33. Rb1 f5 34. exf5 gxf5 35. Re2 Bd7 36. Rbb2 Ra8 37. c5 d5 38. cxb6 cxb6 39. Rbd2 Kc6 40. Bg5 Kd6 41. Bf6 Bb5 42. Re5 Bc4 43. Rxf5 Ra3+ 44. Kb2 Rb3+ 45. Kc2 Rxb4 46. Rxh5 b5 47. Rh7 Ra4 48. h5 b4 49. h6 b3+ 50. Kb1 Nf4 51. Rb7 Bd3+ 52. Rxd3 Nxd3 53. h7 Rc4 54. Rxb3 Rc1+ 55. Ka2 Rc2+ 56. Ka3 Nc1 57. h8Q Ra2+ 58. Kb4 Nd3+ 59. Rxd3 1-0

[Event "Titled Tuesday intern op 26th Sep Late"]
[Site "Chess.com INT"]
[Date "2023.09.26"]
[Round "3"]
[White "Gao, Raymond"]
[Black "Veljanoski, Andrej"]
[Result "0-1"]
[WhiteElo "2001"]
[BlackElo "2270"]
[PlyCount "80"]
[EventDate "2023.09.26"]
[EventType "swiss (blitz)"]
[EventRounds "11"]
[EventCountry "USA"]
[SourceTitle "EXT 2024"]
[Source "ChessBase"]
[SourceDate "2023.10.10"]
[SourceVersion "1"]
[SourceVersionDate "2023.10.10"]
[SourceQuality "1"]

1. Nf3 b6 2. d4 Bb7 3. Nc3 Nf6 4. Bg5 g6 5. Bxf6 exf6 6. e4 Bg7 7. Bd3 0-0 8. 0-0 d5 9. Re1 dxe4 10. Bxe4 Nc6 11. Ne2 Qd6 12. c3 Rad8 13. Nc1 f5 14. Bd3 Ne7 15. a4 c5 16. Ne2 Bxf3 17. gxf3 Nc6 18. Bb5 cxd4 19. Bxc6 Qxc6 20. Nxd4 Qc4 21. Qe2 Qxe2 22. Rxe2 Bxd4 23. cxd4 Rxd4 24. a5 b5 25. a6 Rd7 26. Re5 Rb8 27. Ra5 b4 28. Rab5 Rxb5 29. Rxb5 Rd6 30. Rxb4 Rxa6 31. Rb8+ Kg7 32. b4 Rb6 33. Ra8 Rb7 34. Kf1 Kf6 35. Ke2 Ke5 36. Kd3 Kf4 37. Ke2 Re7+ 38. Kf1 Kxf3 39. Rb8 Rc7 40. b5 Rc1# 0-1

[Event "Titled Tuesday intern op 26th Sep Late"]
[Site "Chess.com INT"]
[Date "2023.09.26"]
[Round "4"]
[White "Grigoriants, Sergey"]
[Black "Veljanoski, Andrej"]
[Result "0-1"]
[WhiteElo "2562"]
[BlackElo "2270"]
[PlyCount "46"]
[EventDate "2023.09.26"]
[EventType "swiss (blitz)"]
[EventRounds "11"]
[EventCountry "USA"]
[SourceTitle "EXT 2024"]
[Source "ChessBase"]
[SourceDate "2023.10.10"]
[SourceVersion "1"]
[SourceVersionDate "2023.10.10"]
[SourceQuality "1"]

1. d4 Nf6 2. c4 e6 3. g3 d5 4. Bg2 c5 5. cxd5 exd5 6. Nf3 Nc6 7. 0-0 Bg4 8. Ne5 cxd4 9. Nxg4 Nxg4 10. e4 Nf6 11. exd5 Nxd5 12. Qb3 Nb6 13. a4 a5 14. Bg5 Be7 15. Bxc6+ bxc6 16. Bxe7 Kxe7 17. Re1+ Kf8 18. Nd2 g6 19. Rac1 Rc8 20. Ne4 Kg7 21. Nc5 Rb8 22. Qd3 Qd5 23. Re4 Rbd8 0-1

[Event "Titled Tuesday intern op 26th Sep Early"]
[Site "Chess.com INT"]
[Date "2023.09.26"]
[Round "5"]
[White "Veljanoski, Andrej"]
[Black "Gunina, Valentina"]
[Result "0-1"]
[WhiteElo "2270"]
[BlackElo "2439"]
[PlyCount "50"]
[EventDate "2023.09.26"]
[EventType "swiss (blitz)"]
[EventRounds "11"]
[EventCountry "USA"]
[SourceTitle "EXT 2024"]
[Source "ChessBase"]
[SourceDate "2023.10.10"]
[SourceVersion "1"]
[SourceVersionDate "2023.10.10"]
[SourceQuality "1"]

1. Nf3 d5 2. g3 c6 3. b3 Bg4 4. Bb2 Nd7 5. Bg2 Bxf3 6. exf3 e5 7. 0-0 Bd6 8. d4 Ne7 9. Re1 Qc7 10. dxe5 Bxe5 11. Bxe5 Nxe5 12. Qd4 f6 13. f4 Nf7 14. Qe3 Nd6 15. Nc3 Ndf5 16. Qe6 Qd7 17. Qe2 Kf7 18. Qd3 Rad8 19. g4 Nh4 20. Bh3 g5 21. fxg5 fxg5 22. f4 Neg6 23. fxg5 Rhf8 24. Ne4 dxe4 25. Qxe4 Qd4+ 0-1

[Event "Titled Tuesday intern op 26th Sep Late"]
[Site "Chess.com INT"]
[Date "2023.09.26"]
[Round "5"]
[White "Veljanoski, Andrej"]
[Black "Mitrabha, Guha"]
[Result "0-1"]
[WhiteElo "2270"]
[BlackElo "2515"]
[PlyCount "58"]
[EventDate "2023.09.26"]
[EventType "swiss (blitz)"]
[EventRounds "11"]
[EventCountry "USA"]
[SourceTitle "EXT 2024"]
[Source "ChessBase"]
[SourceDate "2023.10.10"]
[SourceVersion "1"]
[SourceVersionDate "2023.10.10"]
[SourceQuality "1"]

1. e4 c6 2. b3 d5 3. exd5 cxd5 4. Bb2 Nf6 5. Nf3 Nc6 6. g3 Bg4 7. Bg2 e6 8. 0-0 Be7 9. d3 0-0 10. c4 Qc7 11. h3 Bh5 12. Nc3 Rad8 13. cxd5 Nxd5 14. Rc1 Ndb4 15. g4 Nxd3 16. gxh5 Nxb2 17. Qc2 Nd3 18. Ne2 Qb6 19. Ng3 Nxc1 20. Rxc1 Nb4 21. Qe4 Nd3 22. Rc2 Nxf2 23. Rxf2 Bc5 24. Ng5 Bxf2+ 25. Kh2 Bxg3+ 26. Kxg3 Qc7+ 27. Kh4 g6 28. h6 Qc5 29. Nxe6 Qe7+ 0-1

[Event "Titled Tuesday intern op 26th Sep Early"]
[Site "Chess.com INT"]
[Date "2023.09.26"]
[Round "2"]
[White "Veljanoski, Andrej"]
[Black "Tokhirjonova, Gulruhbegim"]
[Result "1-0"]
[WhiteElo "2270"]
[BlackElo "2350"]
[PlyCount "111"]
[EventDate "2023.09.26"]
[EventType "swiss (blitz)"]
[EventRounds "11"]
[EventCountry "USA"]
[SourceTitle "EXT 2024"]
[Source "ChessBase"]
[SourceDate "2023.10.10"]
[SourceVersion "1"]
[SourceVersionDate "2023.10.10"]
[SourceQuality "1"]

1. Nf3 d5 2. b3 Nf6 3. Bb2 c5 4. g3 Nc6 5. Bg2 g6 6. d4 cxd4 7. Nxd4 Bg7 8. 0-0 0-0 9. Nxc6 bxc6 10. c4 e6 11. Nc3 a5 12. Qc2 Ba6 13. Rfd1 Qc7 14. Na4 Rfc8 15. Rac1 dxc4 16. bxc4 Nd7 17. Bxg7 Kxg7 18. Qd2 Rd8 19. Qd6 Qxd6 20. Rxd6 Ne5 21. c5 Bxe2 22. Re1 Nf3+ 23. Bxf3 Bxf3 24. Re3 Bd5 25. Nb6 Rxd6 26. cxd6 Rd8 27. d7 Kf6 28. Ra3 Ke7 29. Rxa5 Rb8 30. Ra6 Kd8 31. a4 c5 32. a5 c4 33. Kf1 c3 34. Ke1 Be4 35. Kd1 Bc6 36. Ra7 Ke7 37. Kc2 Rd8 38. Rc7 Bb5 39. Kxc3 Kd6 40. Rb7 Bxd7 41. Rxd7+ Rxd7 42. Nxd7 Kxd7 43. Kd4 Kc6 44. Ke5 Kb5 45. Kf6 Kxa5 46. Kxf7 e5 47. Kg7 e4 48. Kxh7 g5 49. Kg6 g4 50. Kf5 Kb4 51. Kxe4 Kc3 52. Kf4 Kd2 53. Kxg4 Ke2 54. f4 Kf2 55. h4 Kg2 56. f5 1-0

[Event "Titled Tuesday intern op 19th Sep Late"]
[Site "Chess.com INT"]
[Date "2023.09.19"]
[Round "2"]
[White "Veljanoski, Andrej"]
[Black "Dourerassou, Jonathan"]
[Result "1-0"]
[WhiteElo "2270"]
[BlackElo "2415"]
[PlyCount "123"]
[EventDate "2023.09.19"]
[EventType "swiss (blitz)"]
[EventRounds "11"]
[EventCountry "USA"]
[SourceTitle "EXT 2024"]
[Source "ChessBase"]
[SourceDate "2023.10.10"]
[SourceVersion "1"]
[SourceVersionDate "2023.10.10"]
[SourceQuality "1"]

1. Nf3 Nf6 2. c4 g6 3. b3 Bg7 4. Bb2 0-0 5. g3 d6 6. Bg2 Nbd7 7. 0-0 a6 8. d3 c5 9. Nc3 Rb8 10. a4 b6 11. Nd2 Bb7 12. Nd5 Nxd5 13. Bxg7 Ne3 14. fxe3 Kxg7 15. e4 Ne5 16. Qc2 Qd7 17. Qc3 f6 18. Rf4 b5 19. axb5 axb5 20. e3 b4 21. Qc2 Ra8 22. Raf1 Qc7 23. d4 Nf7 24. h4 cxd4 25. exd4 Qb6 26. Qd3 Ra2 27. R4f2 Rfa8 28. c5 dxc5 29. e5 Bxg2 30. exf6+ exf6 31. Kxg2 f5 32. g4 Rd8 33. gxf5 Rxd4 34. f6+ Kg8 35. Qe3 Qc6+ 36. Nf3 Ra8 37. Kh3 Qd7+ 38. Kh2 Re8 39. Qc1 Qd6+ 40. Kh1 Rd3 41. Kg2 Qd5 42. Qc4 Qxc4 43. bxc4 h6 44. Ra1 Rd6 45. Nd2 g5 46. Nb3 Re5 47. Ra8+ Kh7 48. Ra7 Kg6 49. h5+ Kxh5 50. Rxf7 Re4 51. Rg7 Rg4+ 52. Kf1 Rd1+ 53. Ke2 Rb1 54. Nd2 Rb2 55. f7 Re4+ 56. Kd1 Rd4 57. f8Q Rb1+ 58. Kc2 Ra1 59. Qf7+ Kg4 60. Qf5+ Kg3 61. Qf3+ Kh4 62. Rh2# 1-0

[Event "Titled Tuesday intern op 12th Sep Late"]
[Site "Chess.com INT"]
[Date "2023.09.12"]
[Round "7"]
[White "Veljanoski, Andrej"]
[Black "Zuriel, Marisa"]
[Result "1-0"]
[WhiteElo "2270"]
[BlackElo "2146"]
[PlyCount "79"]
[EventDate "2023.09.12"]
[EventType "swiss (blitz)"]
[EventRounds "11"]
[EventCountry "USA"]
[SourceTitle "EXT 2024"]
[Source "ChessBase"]
[SourceDate "2023.10.10"]
[SourceVersion "1"]
[SourceVersionDate "2023.10.10"]
[SourceQuality "1"]

1. Nf3 Nf6 2. c4 g6 3. b3 Bg7 4. Bb2 d6 5. g3 0-0 6. Bg2 e5 7. d3 Nc6 8. Nc3 Be6 9. 0-0 h6 10. a3 Qd7 11. b4 Bh3 12. b5 Ne7 13. a4 Bxg2 14. Kxg2 e4 15. Nxe4 Nxe4 16. Bxg7 Nxf2 17. Rxf2 Kxg7 18. Nd4 c5 19. bxc6 bxc6 20. Qd2 c5 21. Nb5 a6 22. Qb2+ f6 23. Nc3 Rab8 24. Qd2 Rfe8 25. Raf1 Nf5 26. e4 Nd4 27. Rxf6 Re7 28. Nd5 Rbe8 29. Nxe7 Rxe7 30. Qf2 h5 31. Rf8 Qe6 32. Rd8 Qe5 33. Qf8+ Kh7 34. Rf7+ Rxf7 35. Qxf7+ Kh6 36. Qf4+ Qxf4 37. gxf4 h4 38. Rxd6 Kh5 39. Rxd4 cxd4 40. c5 1-0

[Event "Titled Tuesday intern op 05th Sep Early"]
[Site "Chess.com INT"]
[Date "2023.09.05"]
[Round "7"]
[White "Fiorito, Joaquin"]
[Black "Veljanoski, Andrej"]
[Result "1-0"]
[WhiteElo "2399"]
[BlackElo "2270"]
[PlyCount "51"]
[EventDate "2023.09.05"]
[EventType "swiss (blitz)"]
[EventRounds "11"]
[EventCountry "USA"]
[SourceTitle "EXT 2024"]
[Source "ChessBase"]
[SourceDate "2023.10.10"]
[SourceVersion "1"]
[SourceVersionDate "2023.10.10"]
[SourceQuality "1"]

1. d4 Nf6 2. Nc3 d5 3. Bf4 c6 4. e3 h6 5. Bd3 g6 6. Nf3 Bg7 7. Ne5 0-0 8. h3 Nbd7 9. Qe2 Nh5 10. Bh2 Qb6 11. 0-0-0 Bxe5 12. dxe5 Ng7 13. Bf4 Kh7 14. h4 h5 15. g4 Nc5 16. gxh5 Nxd3+ 17. Qxd3 Nxh5 18. Rhg1 Bf5 19. Qd2 e6 20. Rg5 c5 21. Qe2 Ng7 22. e4 d4 23. Na4 Qa5 24. exf5 Qxa4 25. f6 Qa3 26. bxa3 1-0

[Event "Titled Tuesday intern op 05th Sep Early"]
[Site "Chess.com INT"]
[Date "2023.09.05"]
[Round "9"]
[White "Veljanoski, Andrej"]
[Black "Molina, Roberto Junio Brito"]
[Result "0-1"]
[WhiteElo "2270"]
[BlackElo "2381"]
[PlyCount "52"]
[EventDate "2023.09.05"]
[EventType "swiss (blitz)"]
[EventRounds "11"]
[EventCountry "USA"]
[SourceTitle "EXT 2024"]
[Source "ChessBase"]
[SourceDate "2023.10.10"]
[SourceVersion "1"]
[SourceVersionDate "2023.10.10"]
[SourceQuality "1"]

1. Nf3 d5 2. b3 Bg4 3. Bb2 Nd7 4. d4 e6 5. g3 Ngf6 6. Bg2 Bd6 7. 0-0 0-0 8. c4 c6 9. Nc3 Qe7 10. h3 Bxf3 11. Bxf3 Ba3 12. Bxa3 Qxa3 13. Qd3 Rfd8 14. e4 dxe4 15. Nxe4 Nxe4 16. Qxe4 Nf6 17. Qh4 Rd7 18. g4 Rad8 19. g5 Rxd4 20. Qg3 Ne8 21. h4 Qd6 22. Qh3 Qf4 23. Rad1 g6 24. Kg2 Ng7 25. h5 Qxg5+ 26. Kh1 Rh4 0-1

[Event "Titled Tuesday intern op 04th Jul Late"]
[Site "Chess.com INT"]
[Date "2023.07.04"]
[Round "4"]
[White "Estrada Nieto, Julian"]
[Black "Veljanoski, Andrej"]
[Result "0-1"]
[WhiteElo "2217"]
[BlackElo "2327"]
[PlyCount "100"]
[EventDate "2023.07.04"]
[EventType "swiss (blitz)"]
[EventRounds "11"]
[EventCountry "USA"]
[SourceTitle "EXT 2024"]
[Source "ChessBase"]
[SourceDate "2023.10.10"]
[SourceVersion "1"]
[SourceVersionDate "2023.10.10"]
[SourceQuality "1"]

1. e4 b6 2. d4 Bb7 3. Nc3 g6 4. Nf3 d6 5. Bc4 h6 6. 0-0 Bg7 7. Qe2 e5 8. dxe5 dxe5 9. Rd1 Qe7 10. Nd5 Bxd5 11. Bxd5 c6 12. Bb3 Nf6 13. a4 0-0 14. a5 Nbd7 15. Nh4 Kh7 16. axb6 axb6 17. Rxa8 Rxa8 18. Qc4 Ng4 19. g3 Rf8 20. Qxc6 Nc5 21. f3 Nxb3 22. cxb3 Nf6 23. Qxb6 Rc8 24. Be3 Rc2 25. Rd2 Rc1+ 26. Kg2 Nh5 27. Qd6 Qb7 28. Qd5 Qa6 29. Qd3 Qa1 30. Rc2 Rd1 31. Qe2 Bf6 32. Rc7 Bxh4 33. gxh4 Kg7 34. Kh3 Rg1 35. Qc4 Qf1+ 36. Qxf1 Rxf1 37. Kg2 Re1 38. Rc6 Rxe3 39. Kf2 Rxb3 40. Rc5 Nf4 41. Rxe5 Nd3+ 42. Kg3 Nxe5 43. h5 Rxf3+ 44. Kg2 gxh5 45. h4 Rb3 46. Kf2 Kf6 47. Ke2 Rxb2+ 48. Ke3 Rb4 49. Kf4 Rxe4+ 50. Kxe4 Ng6 0-1

[Event "Titled Tuesday intern op 04th Jul Late"]
[Site "Chess.com INT"]
[Date "2023.07.04"]
[Round "7"]
[White "Kovalevsky, Stanislav"]
[Black "Veljanoski, Andrej"]
[Result "0-1"]
[WhiteElo "2226"]
[BlackElo "2327"]
[PlyCount "84"]
[EventDate "2023.07.04"]
[EventType "swiss (blitz)"]
[EventRounds "11"]
[EventCountry "USA"]
[SourceTitle "EXT 2024"]
[Source "ChessBase"]
[SourceDate "2023.10.10"]
[SourceVersion "1"]
[SourceVersionDate "2023.10.10"]
[SourceQuality "1"]

1. c4 b6 2. Nc3 Bb7 3. Nf3 Nf6 4. g3 g6 5. Bg2 Bg7 6. 0-0 0-0 7. Re1 Ne4 8. Nxe4 Bxe4 9. d3 Bb7 10. e4 c5 11. d4 cxd4 12. Nxd4 Nc6 13. Be3 Rc8 14. b3 d6 15. Rc1 Nxd4 16. Bxd4 Bxd4 17. Qxd4 Qc7 18. h4 Qc5 19. Red1 Qxd4 20. Rxd4 a5 21. Re1 Rc5 22. e5 Bxg2 23. Kxg2 dxe5 24. Rd7 e6 25. Rb7 Rd8 26. Rxb6 Rd2 27. Re3 Rxa2 28. Rf3 e4 29. Re3 Rf5 30. Rxe4 Rfxf2+ 31. Kg1 Rfb2 32. Rf4 a4 33. Rb8+ Kg7 34. Rb7 Ra1+ 35. Rf1 Rxf1+ 36. Kxf1 a3 37. Ra7 a2 38. b4 Rb1+ 39. Ke2 a1Q 40. Rxa1 Rxa1 41. b5 Kf6 42. c5 Ra5 0-1